00743nam a22001937a 4500999001900000005001700019010001500036020003000051035001400081037001300095082001800108100002100126245009300147260004400240270007700284300002600361942003200387952013000419 c178470d17847020210331151912.0 aENG-129358 a978-93-5388-420-8c595.00 aEN-112890 bDBAD/PUB a306.766095422 aShahani, Parmesh aGay Bombay: Globalization, Love and (Be)longing in Contemporary India//cParmesh Shahani aNew DelhibSage Publication Indiac2020 aB1/1-1 Mohan Cooperative Industrial Area Mathura RoadbNew Delhie110044 axxii+313p.c22cm(pbk) 2ddccENh306.766095422mSHA 001040708NFICaBL4bBL4d2021-03-31eDBAD/PUBg595.00l0o306.766095422 SHApEN-112890r2021-03-31 00:00:00t1v595.00yEN